000 00393nam a22001457a 4500
999 _c7695
_d7693
005 20210320141322.0
008 210320b ||||| |||| 00| 0 eng d
082 _a346.066
100 _aAIYAR, A.N.
_96466
245 _aCOMPANY CASES THE CORPORATE LAW WEEKLY [179]
260 _aCHENNAI
_bCOMPANY LAW INSTITUTE OF INDIA
_c2013
300 _a600;i-xlviii,p
650 _aLAW
_95701
942 _cJRL